000 02706nab a2200301 i 4500
003 BR-BrBNA
005 20250403091735.0
008 250403b2016 bl.qr|pooa||| 00| 0 por |
040 _aBR-BrBNA
_bpor
072 _aF70
072 _aK10
100 _aPereira, Luiz de Aquino
100 _aAmorim, Bruno Sampaio
100 _aAlves, Marccus
100 _aSomner, Genise Vieira
100 _aBarbosa, Maria Regina de Vasconcellos
245 _aFlora da Usina São José, Igarassu, Pernambuco: Sapindaceae
500 _aPublicação on-line; 34 ref.; 2 illus.; Summaries (En, Pt)
520 _a Resumo Sapindaceae é uma família predominantemente tropical com aproximadamente 1.900 espécies em todo o mundo. No Brasil ocorrem 418 espécies, que têm como principais centros de diversidade a Floresta Amazônica e a Floresta Atlântica. A Usina São José, localizada ao norte do estado de Pernambuco, é formada basicamente por fragmentos de Floresta Estacional Semidecidual. Nela foram registrados sete gêneros e 14 espécies de Sapindaceae. Cupania o mais rico com quatro espécies, seguido de Paullina com três espécies, Serjania e Talisia ambos com duas espéices e Allophylus, Cardiospermum e Matayba todos com uma espécie. Este tratamento apresenta chave de identificação, descrições, ilustrações e comentários taxonômicos das espécies. Palavras-chave: florística, taxonomia, Floresta Atlântica. Abstract Sapindaceae is predominantly a tropical family with about 1,900 species worldwide. In Brazil, there are 418 species recorded so far, whose main centers of diversity are the Amazon and Atlantic Forests. The Usina São José, located north of the state of Pernambuco, is basically formed by semideciduous forest fragments. It was recorded seven genera and 14 species of Sapindaceae, Cupania is the richest one with 4 species, followed by Paullina with three species, Serjania and Talisia both with two species and Allophylus, Cardiospermum and Matayba all with one species each. This taxonomic treatment provides identification key, descriptions, illustrations and ecological and taxonomic comment of the species. Key words: floristic, taxonomy, Atlantic Forest.
650 _aCOMPOSIÇÃO BOTÂNICA
650 _aTAXONOMIA
650 _aFLORESTA ATLÂNTICA
650 _aSAPINDACEAE
773 0 _0709
_9349653
_dRio de Janeiro-RJ Jardim Botanico do Rio de Janeiro 1935
_o2025-2173
_tRodriguésia (Brazil)
_x0370-6583; 2175-7860 on-line
_gv. 67(4) p. 1047-1059; (2016)
_wBR2025000239
856 _uhttps://www.scielo.br/j/rod/a/RFHTKpjChsdZpyxmJJqZ9vF/?format=pdf&lang=pt
942 _cANA
999 _c330824
_d330824